Angela's ashes : (Record no. 233572)

000 -LEADER
fixed length control field 01418cam a2200349 a 4500
001 - CONTROL NUMBER
control field 1160920
003 - CONTROL NUMBER IDENTIFIER
control field Nust
005 - DATE AND TIME OF LATEST TRANSACTION
control field 20170309102910.0
008 - FIXED-LENGTH DATA ELEMENTS--GENERAL INFORMATION
fixed length control field 960214s1996 nyua 000 0ceng
010 ## - LIBRARY OF CONGRESS CONTROL NUMBER
LC control number 96005335
020 ## - INTERNATIONAL STANDARD BOOK NUMBER
International Standard Book Number 9780007217038
040 ## - CATALOGING SOURCE
Original cataloging agency DLC
Transcribing agency DLC
Modifying agency DLC
043 ## - GEOGRAPHIC AREA CODE
Geographic area code e-ie---
-- n-us---
050 00 - LIBRARY OF CONGRESS CALL NUMBER
Classification number E184.I6
Item number M117 1996
082 00 - DEWEY DECIMAL CLASSIFICATION NUMBER
Classification number 929.20899162073
Author Mark MCC
100 1# - MAIN ENTRY--PERSONAL NAME
Personal name McCourt, Frank.
245 10 - TITLE STATEMENT
Title Angela's ashes :
Remainder of title a memoir /
Statement of responsibility, etc. Frank McCourt.
260 ## - PUBLICATION, DISTRIBUTION, ETC.
Place of publication, distribution, etc. New York :
Name of publisher, distributor, etc. Scribner,
Date of publication, distribution, etc. 1996.
300 ## - PHYSICAL DESCRIPTION
Extent 426 p. :
Other physical details ill. ;
Dimensions 25 cm.
500 ## - GENERAL NOTE
General note Sequel: 'Tis.
600 30 - SUBJECT ADDED ENTRY--PERSONAL NAME
Personal name McCourt family.
600 10 - SUBJECT ADDED ENTRY--PERSONAL NAME
Personal name McCourt, Frank
General subdivision Family.
650 #0 - SUBJECT ADDED ENTRY--TOPICAL TERM
Topical term or geographic name entry element Irish Americans
General subdivision Biography.
650 #0 - SUBJECT ADDED ENTRY--TOPICAL TERM
Topical term or geographic name entry element Irish Americans
Geographic subdivision Ireland
-- Limerick (Limerick)
General subdivision Biography.
651 #0 - SUBJECT ADDED ENTRY--GEOGRAPHIC NAME
Geographic name Limerick (Limerick, Ireland)
General subdivision Biography.
856 42 - ELECTRONIC LOCATION AND ACCESS
Materials specified Contributor biographical information
Uniform Resource Identifier <a href="http://www.loc.gov/catdir/bios/simon051/96005335.html">http://www.loc.gov/catdir/bios/simon051/96005335.html</a>
856 42 - ELECTRONIC LOCATION AND ACCESS
Materials specified Publisher description
Uniform Resource Identifier <a href="http://www.loc.gov/catdir/description/simon033/96005335.html">http://www.loc.gov/catdir/description/simon033/96005335.html</a>
856 41 - ELECTRONIC LOCATION AND ACCESS
Materials specified Sample text
Uniform Resource Identifier <a href="http://www.loc.gov/catdir/enhancements/fy0641/96005335-s.html">http://www.loc.gov/catdir/enhancements/fy0641/96005335-s.html</a>
906 ## - LOCAL DATA ELEMENT F, LDF (RLIN)
a 7
b cbc
c orignew
d 1
e ocip
f 19
g y-gencatlg
942 ## - ADDED ENTRY ELEMENTS (KOHA)
Source of classification or shelving scheme
Koha item type Book
Holdings
Withdrawn status Lost status Source of classification or shelving scheme Damaged status Not for loan Collection code Permanent Location Current Location Shelving location Date acquired Total Checkouts Total Renewals Full call number Barcode Date last seen Copy number Price effective from Koha item type
            Central Library (CL) Central Library (CL) Fiction 03/09/2017   1 929.20899162073 MCC CL338 01/31/2024 1 03/09/2017 Book
© 2023 Central Library, National University of Sciences and Technology. All Rights Reserved.